| 000 | 00499 a2200169 4500 | ||
|---|---|---|---|
| 003 | Nust | ||
| 005 | 20230525112201.0 | ||
| 040 | _cNust | ||
| 082 | _a823, DOS | ||
| 100 |
_aRays, Ernest _9112577 |
||
| 245 |
_aEverymans Library _cErnest Rhys |
||
| 260 |
_aLondon _bJ.M Dent |
||
| 300 | _a438:p | ||
| 505 | _aPart .3.Book VIII. Mitya (Page-1),Part.4. Book X. The Boys (Page-162), Book XI. IVAN(Page-214),Book XII. A Judicial Error (Page-315). | ||
| 650 |
_aFictions _9107530 |
||
| 942 |
_2ddc _cBK |
||
| 999 |
_c186691 _d186691 |
||